| 000 | 01508nam a22003615a 4500 | ||
|---|---|---|---|
| 005 | 20090808120818.0 | ||
| 008 | 090117s2009 ii a g b 000 0 eng d | ||
| 010 | _aENG-94675 | ||
| 020 |
_a9780195692334 _c895.00 |
||
| 020 |
_a0195692330 _c895.00 |
||
| 035 | _aEN-78208 | ||
| 037 | _aDBAD / PUB | ||
| 040 |
_adpl _bEnglish |
||
| 082 | _a338.9 | ||
| 245 |
_aHandbook of human development : _bconcepts, measures, and policies / _cedited by Sakiko Fukuda-Parr [and] A.K. Shiva Kumar ; foreword by Amartya Sen. |
||
| 246 | _aReadings in human development | ||
| 246 | _aHand book of human development | ||
| 260 |
_aNew Delhi _bOxford University Press _c2009 |
||
| 270 |
_aYMCA Library Building, Jai Singh Road, _bNew Delhi _e110001 |
||
| 300 |
_axxxi, 518p. : _bill. ; _c26cm(Hb) |
||
| 500 | _aContributed articles. | ||
| 500 | _aOn t.p.: UNDP. | ||
| 504 | _aIncludes bibliographical references | ||
| 650 |
_aEconomic development _vHandbooks, manuals, etc. |
||
| 650 |
_aEconomic policy _vHandbooks, manuals, etc. |
||
| 650 |
_aSocial policy _vHandbooks, manuals, etc. |
||
| 650 |
_aQuality of life _vHandbooks, manuals, etc. |
||
| 700 |
_aFukuda-Parr, Sakiko, _d1950- |
||
| 700 | _aShiva Kumar, A. K. | ||
| 710 | _aUnited Nations Development Programme (India) | ||
| 942 |
_2ddc _cEN _h338.9 _mHAN |
||
| 999 |
_c29027 _d29027 |
||